000 00216nam a22001097a 4500
041 _aENG
100 _aGuide.S
245 _aHydraulics
260 _aU.S.A
_bJohn Deere
_c1992
650 _aFMP
856 _uFMP ( 04 )
999 _c1459
_d1459